00321nam a2200097Ia 4500008004100000082002000041100001900061245001600080260003000096650009700126211119s9999||||xx |||||||||||||| ||und|| a894.8123bADI-V aAdiga, Aravind 0aVellakaduva bD c Booksa2010cKottayam aMalayalam LiteraturevMalayalam FictionMalayalam NovelsShort StoriesMalayalamxGeneral Stack